000 02567cam a2200577Ii 4500
001 sjds1106322
003 sjds
005 20240527104910.0
008 030310t20022002nyua c 000 1 spa
010 _a 2003005594
020 _a9781930332492 (pbk.)
020 _a9781448773008 (lib. bdg. : Paw Prints)
020 _a9780613644860
035 _a(OCoLC)51861796
035 _a2064894
035 _a1106322
040 _dUtOrBLW
_csjds
041 1 _aspa
_heng
049 _aIFAA
099 _f2002
100 1 _aOsborne, Mary Pope,
_eauthor.
240 1 0 _aDinosaurs before dark.
_lSpanish
245 1 0 _aDinosaurios al atardecer /
_cMary Pope Osborne ; ilustrado por Sal Murdocca ; traducido por Marcela Brovelli.
260 _aNew York :
_bLectorum Publications,
_cc2002
264 1 _aNew York :
_bLectorum Publications,
_c[2002]
264 4 _cc2002
300 _a68 pages :
_billustrations ;
_c20 cm.
336 _atext
_btxt
_2rdacontent
337 _aunmediated
_bn
_2rdamedia
338 _avolume
_bnc
_2rdacarrier
490 1 _aLa casa del arbol ;
_v#1
505 0 _aEn el bosque -- El monstruo -- Dónde estamos? -- Henry -- Oro en la hierba -- El valle de los dinosaurios -- Preparados! Listos! Ya! -- Una sombra gigante -- Un viaje inolvidable -- En casa antes del anochecer.
520 _aEight-year-old Jack and his younger sister Annie find a magic treehouse, which whisks them back to an ancient time zone where they see live dinosaurs.
520 _aJack, ocho anos de edad, y su hermana pequena Annie, encuentran una casa de arbol magica, que los lleva a una epoca antigua donde se encuentran con unos dinosaurios en vivo.
526 0 _aAccelerated Reader
_bLG
_c2.6
_d1.0
_z6311SP
650 0 _aDinosaurs
_vJuvenile fiction.
650 7 _aDinosaurios
_vNovela juvenil.
_2bidex
650 0 _aTime travel
_vJuvenile fiction.
650 7 _aViaje a traves del tiempo
_vNovela juvenil.
_2bidex
650 0 _aMagic
_vJuvenile fiction.
650 7 _aMagia
_vNovela juvenil.
_2bidex
650 0 _aTree houses
_vJuvenile fiction.
650 7 _aCabanas en las arboles
_vNovela juvenil.
_2bidex
650 7 _aBrujerìa
_vNovela.
_2bidex
700 1 _aMurdocca, Sal,
_eillustrator.
700 1 _aBrovelli, Marcela,
_etranslator.
800 1 _aOsborne, Mary Pope.
_tMagic tree house series.
_lSpanish ;
_vbook 1.
856 4 1 _3Table of contents
_uhttp://www.loc.gov/catdir/toc/ecip041/2003005594.html
942 _cBK
_2ddc
999 _c29820
_d29818